History Quiz

Random History or Decade Quiz
Score 0/100 Timer 11:00
0 Plays Today
Population City % Correct
7,071,639New York
99.3%
3,005,072Chicago
97.9%
2,966,850Los Angeles
97.4%
904,078Dallas
95.5%
1,595,138Houston
95.4%
1,688,210Philadelphia
94.5%
638,333Washington DC
93.6%
1,203,339Detroit
93.5%
678,974San Francisco
93.5%
789,704Phoenix
92.6%
346,865Miami
92.5%
875,538San Diego
91.8%
562,994Boston
91.7%
493,846Seattle
91.2%
492,365Denver
90.6%
700,807Indianapolis
90.6%
557,515New Orleans
89.9%
425,022Atlanta
89.1%
786,775Baltimore
88.8%
455,651Nashville
87.8%
573,822Cleveland
86.7%
403,213Oklahoma City
86.6%
448,159Kansas City
86.3%
161,087Kansas City
86.3%
423,938Pittsburgh
86.3%
785,880San Antonio
85%
366,383Portland
84.9%
453,085St. Louis
84.8%
646,356Memphis
84%
345,496Austin
83.8%
370,951Minneapolis
83.8%
365,048Honolulu
83.1%
202,895Jackson
82.7%
564,871Columbus
82.6%
Population City % Correct
169,441Columbus
82.6%
385,457Cincinnati
80.6%
636,212Milwaukee
79%
540,920Jacksonville
78.4%
357,870Buffalo
76.4%
275,741Sacramento
75.8%
270,230St. Paul
75.3%
164,674Las Vegas
74.9%
271,523Tampa
74.4%
629,442San Jose
72.4%
163,033Salt Lake City
71.1%
219,419Baton Rouge
71.1%
314,447Charlotte
70.4%
298,451Louisville
70%
385,164Fort Worth
69.4%
219,214Richmond
69.1%
331,767Albuquerque
67.1%
314,255Omaha
67%
156,804Providence
66.7%
329,248Newark
66.6%
339,337Oakland
66.4%
170,616Madison
66.1%
425,259El Paso
65.7%
360,919Tulsa
65.3%
158,461Little Rock
64.2%
284,413Birmingham
63.7%
191,003Des Moines
61.4%
171,932Lincoln
61.1%
330,537Tucson
58.3%
215,150Colorado Springs
55.4%
177,857Montgomery
54.7%
354,635Toledo
54.1%
204,165Lexington
52.1%
174,431Anchorage
51.9%
Population City % Correct
237,177Akron
51.2%
262,199Virginia Beach
51.1%
241,741Rochester
50.8%
175,030Knoxville
50.5%
170,105Syracuse
50.3%
223,532Jersey City
49.5%
200,452Mobile
49.5%
279,272Wichita
47.3%
203,371Dayton
46.6%
218,202Fresno
45.6%
219,311Anaheim
44%
158,501Tacoma
43.4%
160,113Arlington
41.8%
171,300Spokane
40.8%
361,334Long Beach
39.3%
266,979Norfolk
39.2%
238,647St. Petersburg
39.1%
181,843Grand Rapids
35.8%
205,820Shreveport
35.6%
159,611Flint
34.9%
172,196Fort Wayne
34.3%
231,999Corpus Christi
33.2%
195,351Yonkers
31.9%
158,588Aurora
31.4%
169,565Chattanooga
30%
173,979Lubbock
29%
161,799Worcester
29%
170,876 Riverside
27.5%
203,713Santa Ana
21.6%
161,134Warren
11.6%
170,505 Huntington Beach
9%
164,160Metairie
7.2%

You're not logged in!

Compare scores with friends on all Sporcle quizzes.
OR
Log In

Sporcle TV

Today on Sporcle TV


Watch our educational content, quiz creation guides, and fun videos on Sporcle TV.

Show Comments

Extras

Top Quizzes Today


Score Distribution

Your Account Isn't Verified!

In order to create a playlist on Sporcle, you need to verify the email address you used during registration. Go to your Sporcle Settings to finish the process.

Report this User

Report this user for behavior that violates our Community Guidelines.

Details: